00933cam a22002891 45000010008000000030004000080050017000120080041000290100017000700350018000870400027001050410013001320500015001451000041001602400047002012450026002482600044002743000009003184900031003275040098003586500020004566510050004766510043005269060045005699420012006149990017006268387497OSt20221221130659.0721117s1954 xx 000 0 eng  a 54012057  a(OCoLC)497897 aDLCcODaWUdOCoLCdDLC1 aenghfre00aJK216bT561 aTocqueville, Alexis de,d194591054810aDe la démocratie en Amérique.lEnglish10aDemocracy in America. aNew York,bVintage Books,c1954 [c1945] a2 v.0 aA Vintage book, K-5A--K-5B a"A bibliography of items relating to Democracy in America and its author": v. 2, p.[510]-518. 0aDemocracy.9473 0aUnited StatesxPolitics and government.94238 0aUnited StatesxSocial conditions.9677 a7bcbccoclcrplduencipf19gy-gencatlg 2lcccBK c41970d41970